00443 a2200145 4500020001800000050002000018100002500038245005300063264004000116300004500156500003600201650002700237650002400264650000900288 a9780414048171 aKD1554 MUR 2011 aMurray, Ryaneauthor aContract law :b the fundamentals /cRyan Murray aLondon : bSweet & Maxwell, c2011. axxxvi, 368 pages : illustrations ; 25 cm aPrev. ed.: 2008. lncludes index a Contracts -- England. a Contracts -- Wales aLaw.